Paesi dell'Asia con Due o più Parole - Statistics

Statistiche generali
  • Questo quiz è stato fatto 4.424 volte
  • Il punteggio medio è 5 su 6
Statistiche sulle risposte
Paese % Corretto
Corea del Nord
92%
Corea del Sud
92%
Sri Lanka
77%
Arabia Saudita
75%
Emirati Arabi Uniti
69%
Timor Est
69%
Nessun quiz corrispondente trovato
Distribuzione punteggi
Percentuale di utenti per punteggio
Percentile per numero di risposta
I tuoi punteggi nel tempo
Non hai fatto questo quiz